[Event "Schleswig Holstein-ch Seniors 56th"]
[Site "Eckernfoerde"]
[Date "2001.04.??"]
[Round "6"]
[White "Haecks, Ernst"]
[Black "Gruebling, Karl Heinz"]
[Result "0-1"]
[WhiteElo "1609"]
[BlackElo "1653"]
[PlyCount "42"]
[EventDate "2001.04.??"]
[EventType "swiss"]
[EventRounds "9"]
[EventCountry "GER"]
[SourceTitle "EXT 2004"]
[Source "ChessBase"]
[SourceDate "2003.11.25"]
[SourceVersion "1"]
[SourceVersionDate "2003.11.25"]
[SourceQuality "1"]

1. e4 c5 2. Nf3 d6 3. d4 cxd4 4. Nxd4 Nf6 5. Nc3 Nc6 6. f3 e5 7. Nb3 Be7 8. Be2 0-0 9. 0-0 Be6 10. Be3 a5 11. Qe1 a4 12. Nd2 Nb4 13. Rc1 d5 14. exd5 Nbxd5 15. Nxd5 Nxd5 16. Bf2 Nf4 17. Bc4 Qc7 18. Bxe6 Nxe6 19. g3 Rad8 20. Qe2 a3 21. Qc4 Rxd2 0-1